[Event "Titled Tuesday intern op 07th May Late"]
[Site "Chess.com INT"]
[Date "2024.05.07"]
[Round "8"]
[White "Prohorov, Olexandr"]
[Black "Dobre, Claudiu Cristian"]
[Result "0-1"]
[WhiteElo "2086"]
[BlackElo "2259"]
[PlyCount "82"]
[EventDate "2024.05.07"]
[EventType "swiss (blitz)"]
[EventRounds "11"]
[EventCountry "USA"]
[SourceTitle "EXT 2025"]
[Source "ChessBase"]
[SourceDate "2024.10.14"]
[SourceVersion "1"]
[SourceVersionDate "2024.10.14"]
[SourceQuality "1"]

1. e4 Nc6 2. d4 d5 3. Nc3 dxe4 4. d5 Nb8 5. Bc4 Nf6 6. Bg5 c6 7. dxc6 Qxd1+ 8. Rxd1 bxc6 9. Nge2 Bg4 10. h3 Bxe2 11. Kxe2 Nbd7 12. Rhe1 e6 13. Kf1 Rb8 14. Bb3 Bb4 15. Bd2 Nc5 16. Be3 a5 17. Bxc5 Bxc5 18. Nxe4 Nxe4 19. Rxe4 Rb4 20. Ba4 0-0 21. Rxb4 axb4 22. Bxc6 g5 23. Bf3 Rc8 24. Ke2 Kg7 25. Rd7 Kg6 26. Be4+ Kg7 27. Bd3 Ra8 28. Bc4 Kf6 29. Rb7 Ra5 30. Rb5 Rxb5 31. Bxb5 Ke5 32. Kd3 Bxf2 33. Kc4 Be1 34. c3 bxc3 35. bxc3 Kf4 36. Bc6 e5 37. a4 f5 38. a5 e4 39. a6 Bf2 40. Bb5 Ba7 41. Kd5 Ke3 0-1

[Event "Titled Tuesday intern op 07th May Late"]
[Site "Chess.com INT"]
[Date "2024.05.07"]
[Round "3"]
[White "Prohorov, Olexandr"]
[Black "Garrido Diaz, Jose Antonio"]
[Result "1/2-1/2"]
[WhiteElo "2086"]
[BlackElo "2262"]
[PlyCount "86"]
[EventDate "2024.05.07"]
[EventType "swiss (blitz)"]
[EventRounds "11"]
[EventCountry "USA"]
[SourceTitle "EXT 2025"]
[Source "ChessBase"]
[SourceDate "2024.10.14"]
[SourceVersion "1"]
[SourceVersionDate "2024.10.14"]
[SourceQuality "1"]

1. e4 c5 2. c3 g6 3. d4 cxd4 4. cxd4 Bg7 5. Nc3 d6 6. Nf3 Nf6 7. h3 0-0 8. Be3 Nc6 9. Be2 a6 10. Rc1 b5 11. d5 Na5 12. b3 Bd7 13. 0-0 b4 14. Na4 Bxa4 15. bxa4 Nxe4 16. Bd4 Nc3 17. Qd2 Rc8 18. Bxg7 Kxg7 19. Bxa6 Rc5 20. Qd4+ Kg8 21. Qxb4 Qc7 22. Qf4 Nxd5 23. Rxc5 Qxc5 24. Qh6 Nf6 25. Rc1 Qb6 26. Bb5 Nb7 27. Qd2 Nc5 28. Nd4 Nce4 29. Qb2 e5 30. Nc6 Nd5 31. a5 Qc7 32. a6 Qb6 33. a4 Nc7 34. Qe2 Nc5 35. Rd1 N7xa6 36. Rxd6 Qb7 37. Qxe5 Ra8 38. Ne7+ Kf8 39. Qh8+ Kxe7 40. Qf6+ Kf8 41. Qh8+ Ke7 42. Qf6+ Kf8 43. Qh8+ Ke7 1/2-1/2

[Event "Titled Tuesday intern op 07th May Early"]
[Site "Chess.com INT"]
[Date "2024.05.07"]
[Round "4"]
[White "Ronka, Erik"]
[Black "Prohorov, Olexandr"]
[Result "1-0"]
[WhiteElo "2305"]
[BlackElo "2086"]
[PlyCount "97"]
[EventDate "2024.05.07"]
[EventType "swiss (blitz)"]
[EventRounds "11"]
[EventCountry "USA"]
[SourceTitle "EXT 2025"]
[Source "ChessBase"]
[SourceDate "2024.10.14"]
[SourceVersion "1"]
[SourceVersionDate "2024.10.14"]
[SourceQuality "1"]

1. e4 c5 2. Nf3 e6 3. d4 cxd4 4. Nxd4 Qb6 5. Be3 Bc5 6. Na3 Bxa3 7. bxa3 Qa5+ 8. Bd2 Qxa3 9. Nb5 Qc5 10. Be3 Qc6 11. Nd6+ Ke7 12. e5 f6 13. Nxc8+ Qxc8 14. Qd6+ Kf7 15. 0-0-0 Qc6 16. Qd4 Ne7 17. exf6 gxf6 18. Bc4 d5 19. Bd3 Nd7 20. Be2 Rac8 21. Bh5+ Ng6 22. Rd2 Nde5 23. f4 Nc4 24. Rhd1 Nxe3 25. Qxe3 Qa4 26. f5 exf5 27. Qb3 Qxb3 28. axb3 Rhd8 29. Rxd5 Rxd5 30. Rxd5 Ke6 31. Rb5 b6 32. Be2 Nf4 33. Bf3 Ke7 34. Rb4 Ne6 35. Rh4 Nc5 36. Ra4 Ke6 37. Rxa7 Nd3+ 38. Kd2 Nf4 39. Rxh7 Rd8+ 40. Kc1 Nd5 41. Rh4 Ne3 42. Rb4 Rc8 43. Bd1 Ke5 44. Rxb6 Nxg2 45. c4 Ne3 46. Bc2 f4 47. Rb5+ Kd4 48. Kd2 Ng4 49. Rf5 1-0

[Event "Titled Tuesday intern op 07th May Late"]
[Site "Chess.com INT"]
[Date "2024.05.07"]
[Round "10"]
[White "Vujic, Mihailo"]
[Black "Prohorov, Olexandr"]
[Result "1-0"]
[WhiteElo "2237"]
[BlackElo "2086"]
[PlyCount "87"]
[EventDate "2024.05.07"]
[EventType "swiss (blitz)"]
[EventRounds "11"]
[EventCountry "USA"]
[SourceTitle "EXT 2025"]
[Source "ChessBase"]
[SourceDate "2024.10.14"]
[SourceVersion "1"]
[SourceVersionDate "2024.10.14"]
[SourceQuality "1"]

1. e4 c5 2. Nf3 e6 3. c3 Nf6 4. e5 Nd5 5. d4 cxd4 6. cxd4 d6 7. Bc4 Nb6 8. Bb3 Nc6 9. Qe2 dxe5 10. dxe5 Qc7 11. Nc3 a6 12. Bf4 Bb4 13. 0-0 Bxc3 14. bxc3 Na5 15. Rad1 Bd7 16. Ng5 Bb5 17. c4 Bxc4 18. Bxc4 Qxc4 19. Qf3 Nd5 20. Ne4 0-0 21. Rfe1 Rad8 22. Qg3 Nxf4 23. Qxf4 Rxd1 24. Rxd1 Qc2 25. Rc1 Qxa2 26. Nf6+ Kh8 27. Nd7 Rd8 28. Qg5 Rg8 29. h4 Qd5 30. Nf6 Qd8 31. Nxg8 Qxg8 32. Rc7 Nc6 33. Rxb7 h6 34. Qc1 Qe8 35. Rc7 Ne7 36. Qc5 Ng8 37. Rc8 Qa4 38. Qf8 Kh7 39. Qxg8+ Kg6 40. h5+ Kxh5 41. Qxf7+ Kg5 42. Qxg7+ Kf5 43. Qf6+ Ke4 44. Qh4+ 1-0

[Event "Titled Tuesday intern op 30th Apr Late"]
[Site "Chess.com INT"]
[Date "2024.04.30"]
[Round "5"]
[White "Kubatko, Ivan"]
[Black "Prohorov, Olexandr"]
[Result "0-1"]
[WhiteElo "2257"]
[BlackElo "2086"]
[PlyCount "102"]
[EventDate "2024.04.30"]
[EventType "swiss (blitz)"]
[EventRounds "11"]
[EventCountry "USA"]
[SourceTitle "EXT 2025"]
[Source "ChessBase"]
[SourceDate "2024.10.14"]
[SourceVersion "1"]
[SourceVersionDate "2024.10.14"]
[SourceQuality "1"]

1. e4 d5 2. exd5 Nf6 3. c4 e6 4. d4 exd5 5. Nf3 Bb4+ 6. Nc3 0-0 7. Bd3 Re8+ 8. Be3 dxc4 9. Bxc4 Nc6 10. 0-0 Bg4 11. h3 Bh5 12. a3 Bd6 13. Bg5 h6 14. Be3 Qd7 15. Rc1 Rad8 16. b4 a6 17. Re1 Qf5 18. Be2 Bf4 19. Nh4 Bxe2 20. Nxf5 Bxd1 21. Rcxd1 Bxe3 22. fxe3 Kh7 23. Ng3 Re7 24. d5 Ne5 25. Nf5 Red7 26. e4 Nc4 27. a4 g5 28. Rd4 Nd6 29. Ne3 Re8 30. Nc4 Nxc4 31. Rxc4 Kg7 32. e5 Nxd5 33. Nxd5 Rxd5 34. Rxc7 Rdxe5 35. Rxe5 Rxe5 36. Rxb7 Re4 37. Kf2 Kg6 38. Kf3 Rc4 39. Rb6+ Kf5 40. Rxh6 f6 41. b5 axb5 42. axb5 Rc3+ 43. Kf2 Rb3 44. g4+ Ke5 45. Rh8 Rxb5 46. Rf8 Rb6 47. Kg3 Rb3+ 48. Kg2 Rd3 49. Kh2 Rd6 50. Kg2 Kf4 51. Rxf6+ Rxf6 0-1

[Event "Titled Tuesday intern op 30th Apr Late"]
[Site "Chess.com INT"]
[Date "2024.04.30"]
[Round "8"]
[White "Nicula, Marius"]
[Black "Prohorov, Olexandr"]
[Result "0-1"]
[WhiteElo "2173"]
[BlackElo "2086"]
[PlyCount "68"]
[EventDate "2024.04.30"]
[EventType "swiss (blitz)"]
[EventRounds "11"]
[EventCountry "USA"]
[SourceTitle "EXT 2025"]
[Source "ChessBase"]
[SourceDate "2024.10.14"]
[SourceVersion "1"]
[SourceVersionDate "2024.10.14"]
[SourceQuality "1"]

1. d4 g6 2. c4 Bg7 3. Nc3 c5 4. d5 Bxc3+ 5. bxc3 f5 6. h4 Nf6 7. Bg5 Qa5 8. Bxf6 exf6 9. Qd2 d6 10. h5 g5 11. h6 Nd7 12. e3 Nb6 13. f4 Bd7 14. g3 0-0-0 15. Kf2 Rhg8 16. Bd3 Qa4 17. Qe2 Rde8 18. Nf3 Re7 19. Nd2 Rge8 20. Qf3 Rxe3 21. Qxe3 Rxe3 22. Kxe3 Qa3 23. Rac1 g4 24. Rh5 Na4 25. Rc2 Nxc3 26. Nb3 Nxa2 27. Rxa2 Qxa2 28. Nd2 Qa1 29. Bxf5 Qd4+ 30. Ke2 a5 31. Bxh7 f5 32. Bxf5 Bxf5 33. Rxf5 Qh8 34. Rh5 a4 0-1

[Event "Titled Tuesday intern op 30th Apr Late"]
[Site "Chess.com INT"]
[Date "2024.04.30"]
[Round "4"]
[White "Thake, Conrad"]
[Black "Prohorov, Olexandr"]
[Result "0-1"]
[WhiteElo "1847"]
[BlackElo "2086"]
[PlyCount "98"]
[EventDate "2024.04.30"]
[EventType "swiss (blitz)"]
[EventRounds "11"]
[EventCountry "USA"]
[SourceTitle "EXT 2025"]
[Source "ChessBase"]
[SourceDate "2024.10.14"]
[SourceVersion "1"]
[SourceVersionDate "2024.10.14"]
[SourceQuality "1"]

1. e4 d5 2. exd5 Nf6 3. d4 Nxd5 4. Nf3 g6 5. Bd3 Bg7 6. 0-0 0-0 7. c3 c5 8. dxc5 Qc7 9. Be4 Nf6 10. Bd3 Qxc5 11. Be3 Qh5 12. Be2 Nc6 13. Nd4 Qe5 14. Nxc6 bxc6 15. Qd4 Qxd4 16. Bxd4 Nd5 17. Bxg7 Kxg7 18. Bf3 e5 19. Na3 Be6 20. Nc4 f6 21. Ne3 Rfd8 22. Nxd5 cxd5 23. c4 e4 24. cxd5 Bxd5 25. Be2 f5 26. Rfd1 Rab8 27. b3 Kf6 28. Rac1 Be6 29. g3 Rbc8 30. Kg2 g5 31. h3 f4 32. gxf4 gxf4 33. Bg4 Rxc1 34. Rxc1 Bf7 35. Rc6+ Ke5 36. Rc7 Bg6 37. Rxa7 Rd2 38. Ra5+ Kd4 39. Be6 Kc3 40. Rc5+ Kb2 41. b4 e3 42. b5 Rxf2+ 43. Kg1 Be4 44. b6 Rg2+ 45. Kf1 e2+ 46. Ke1 f3 47. Rb5+ Kc3 48. b7 Rg1+ 49. Kf2 e1Q# 0-1

[Event "Titled Tuesday intern op 23rd Apr Late"]
[Site "Chess.com INT"]
[Date "2024.04.23"]
[Round "6"]
[White "Kaplan, Ebru"]
[Black "Prohorov, Olexandr"]
[Result "0-1"]
[WhiteElo "1966"]
[BlackElo "2086"]
[PlyCount "50"]
[EventDate "2024.04.23"]
[EventType "swiss (blitz)"]
[EventRounds "11"]
[EventCountry "USA"]
[SourceTitle "CBM 219 Extra"]
[Source "ChessBase"]
[SourceDate "2024.05.31"]
[SourceVersion "1"]
[SourceVersionDate "2024.05.31"]
[SourceQuality "1"]

1. e4 c5 2. Nf3 e6 3. b3 d5 4. Bb5+ Nc6 5. exd5 exd5 6. 0-0 Nf6 7. Re1+ Be7 8. Bb2 0-0 9. d4 a6 10. Bxc6 bxc6 11. Ne5 Qc7 12. Nxc6 Bd6 13. Ne5 cxd4 14. Bxd4 Bf5 15. Nc3 Rfe8 16. Nf3 Rxe1+ 17. Qxe1 Re8 18. Qd2 Ne4 19. Nxe4 dxe4 20. Nh4 Bxh2+ 21. Kh1 Bg4 22. Qg5 f5 23. Bxg7 Bf4 24. Qf6 Be5 25. Qc6 Qxg7 0-1